000 01454cam a22004574i 4500
003 PE-LiUPU
005 20250731173003.0
008 150623s r 000 0 d
020 _a080541858X
035 _a(Sirsi) i9780805418583
040 _aPE-LiUPU
_bspa
_cPE-LiUPU
_erda
049 _aPRUA
082 0 4 _a241.01
_bB23
_221
100 1 _aBarnette, Henlee H.,
_eautor.
245 1 0 _aIntroducing christian ethics /
_chenlee H. Barnette.
264 1 _aNashville, Tennessee :
_bBroadman & Holman Publishers,
_c1961.
300 _a176 páginas ;
_c23 centímetros
336 _atext
_2rdacontent
337 _aunmediated
_2rdamedia
338 _avolume
_2rdacarrier
504 _aBibliografía al final de cada capítulo.
505 0 _aPrinciples. -Problems.
526 _aSEG42
526 _aSEG41
526 _aSEG40
526 _aSEG39
526 _aP94
526 _aP87
526 _aP86
526 _aP85
526 _aP77
526 _aP76
526 _aP35
650 0 4 _aÉtica cristiana.
_91047
942 _2ddc
_cBOOK
949 _a241.01 B23
_wDEWEY
_c1
_i45594
_lCCODEBUL1
_mBUL
_r0
_sY
_tBOOK
_u2015-6-24
_xTEOLOGIA
_PP35
_0COMPRA
_o.STAFF. Colección General
994 _aC0
_bPEPRU
596 _a1
999 _a241.01 B23
_wDEWEY
_c22463
_i45594
_f2021-11-10
_g6
_lCCODEBUL1
_mBUL
_r0
_sY
_tBOOK
_u2015-6-24
_xTEOLOGIA
_PP35
_0COMPRA
_o.STAFF. Colección General
_d22463
980 _81
_gALBERTO SANCHEZ Responsable de Automatización